[Event "17th Tilburg Interpolis it"]
[Site "Tilburg NED"]
[Date "1993.??.??"]
[Round "4.3"]
[White "Jussupow, Artur"]
[Black "Kamsky, Gata"]
[Result "1/2-1/2"]
[WhiteElo "2630"]
[BlackElo "2645"]
[EventDate "1993.11.13"]
[PlyCount "246"]

1. d4 Nf6 2. c4 e6 3. Nc3 Bb4 4. e3 O-O 5. Bd3 d5 6. Nf3 c5 7. O-O Nc6 8. a3
dxc4 9. axb4 cxd4 10. Bxc4 dxc3 11. Qxd8 Rxd8 12. bxc3 Ne4 13. b5 Ne7 14. Bb2
Nd5 15. Rfd1 Bd7 16. Bxd5 exd5 17. Rxd5 Nf6 18. Rc5 Ne4 19. Rd5 Nf6 20. Rd4
Bxb5 21. Rxa7 Rdb8 22. Rxa8 Rxa8 23. c4 Ba4 24. Ne5 Re8 25. Rd3 h5 26. f3 Rc8
27. Ra3 Be8 28. Rb3 Rc7 29. Rb4 Nd7 30. Nd3 f6 31. Nf4 Nc5 32. Nd5 Rf7 33. Bd4
Ne6 34. h4 Bc6 35. Bb6 f5 36. Rb2 Rd7 37. Rd2 Kf7 38. Kf2 Rd6 39. Ba5 b5 40.
Nb6 Rxd2+ 41. Bxd2 bxc4 42. Nxc4 Bd5 43. Nd6+ Kg6 44. Bc3 Bc6 45. Be5 Nd8 46.
Bd4 Ne6 47. Bc3 Nc5 48. Ke2 Nb7 49. Nc8 Kf7 50. Kf2 Bd7 51. Nb6 Be6 52. Bb4 Nd8
53. Na4 Nc6 54. Bc3 Bc4 55. Nc5 Nd8 56. Kg3 Ne6 57. Nd7 Bb5 58. Ne5+ Kg8 59.
Bb4 Kh7 60. Be7 Kg8 61. Kf2 Kh7 62. Ke1 Kg8 63. Kd2 Kh7 64. Kc3 f4 65. e4 Bf1
66. Kd2 Bxg2 67. Ke2 Bh3 68. Kf2 Kg8 69. Bg5 Kh7 70. Nd3 g6 71. Bxf4 Nd4 72.
Bg5 Bd7 73. Bf6 Ne6 74. Ke3 Bb5 75. Ne5 Nf8 76. Nf7 Ne6 77. f4 Bc4 78. Bc3 Bb3
79. Ne5 Bc2 80. Nd7 Kg8 81. Bd4 Bb1 82. Ne5 Kh7 83. Nc6 Kg8 84. Nb4 Kf7 85. Nd5
Bc2 86. Nc3 Kg8 87. Be5 Kf7 88. Kd2 Bb3 89. Kd3 Nc5+ 90. Kd4 Ne6+ 91. Ke3 Bc2
92. Bd6 Ke8 93. Kd2 Bb3 94. Kd3 Kd7 95. Be5 Nc5+ 96. Kd4 Ne6+ 97. Ke3 Bc2 98.
Ne2 Nc5 99. Ng3 Ke6 100. Bd4 Nb7 101. Kd2 Bb1 102. Ke3 Bc2 103. Bc3 Nd6 104.
Bb4 Ne8 105. Ne2 Kf7 106. Nd4 Bb1 107. Nf3 Nf6 108. Ng5+ Ke8 109. Kd4 Bc2 110.
e5 Ng4 111. e6 Bb3 112. Ba3 Nh6 113. Ke5 Ng4+ 114. Kd6 Ne3 115. Bc5 Nf5+ 116.
Ke5 Nxh4 117. Kf6 Ng2 118. Ke5 h4 119. e7 Ba4 120. Bd6 Ne3 121. Kf6 Nd5+ 122.
Kxg6 Nxe7+ 123. Bxe7 Kxe7 1/2-1/2

[Event "17th Tilburg Interpolis it"]
[Site "Tilburg NED"]
[Date "1993.??.??"]
[Round "4.4"]
[White "Karpov, Anatoly"]
[Black "Kaidanov, Gregory"]
[Result "1/2-1/2"]
[WhiteElo "2760"]
[BlackElo "2640"]
[EventDate "1993.11.13"]
[PlyCount "96"]

1. d4 d5 2. c4 c6 3. Nf3 Nf6 4. e3 e6 5. Nbd2 c5 6. b3 Nc6 7. Bb2 cxd4 8. exd4
Ne4 9. Bd3 Bb4 10. O-O Nxd2 11. Nxd2 dxc4 12. Nxc4 O-O 13. Be4 Ne7 14. Qd3 Ng6
15. Rfd1 Rb8 16. d5 exd5 17. Qd4 f6 18. Ne3 Qa5 19. Qxd5+ Qxd5 20. Nxd5 Ba5 21.
Bd4 a6 22. Ba7 Ra8 23. Bb6 Bxb6 24. Nxb6 Rb8 25. Rac1 Be6 26. Nd7 Bxd7 27. Rxd7
Rbc8 28. Bd5+ Kh8 29. Rxc8 Rxc8 30. g3 Ne5 31. Rxb7 g6 32. b4 Rc1+ 33. Kg2 Rc2
34. Bb3 Rb2 35. Rb6 Ng4 36. h3 Nxf2 37. Kf3 Nd3 38. Rxa6 Nxb4 39. Rxf6 Nxa2 40.
Bc4 Rc2 41. Be6 Nb4 42. h4 Nc6 43. Ke4 Re2+ 44. Kd5 Nd8 45. Bg4 Rd2+ 46. Ke4
Kg7 47. Ra6 Nf7 48. Be6 Rd6 1/2-1/2

[Event "17th Tilburg Interpolis it"]
[Site "Tilburg NED"]
[Date "1993.??.??"]
[Round "5.1"]
[White "Beliavsky, Alexander"]
[Black "Vaganian, Rafael"]
[Result "1-0"]
[WhiteElo "2635"]
[BlackElo "2615"]
[EventDate "1993.11.13"]
[PlyCount "115"]

1. e4 e6 2. d4 d5 3. Nc3 dxe4 4. Nxe4 Nd7 5. g3 Ngf6 6. Nxf6+ Qxf6 7. Bg2 Bd6
8. Ne2 e5 9. O-O O-O 10. Nc3 exd4 11. Ne4 Qg6 12. Qxd4 Be5 13. Qe3 Nf6 14. f4
Ng4 15. Qd3 Qb6+ 16. Kh1 Bd4 17. f5 Be3 18. f6 Bxc1 19. Raxc1 Qe3 20. fxg7 Kxg7
21. Rce1 Qxd3 22. cxd3 Rb8 23. d4 Re8 24. h3 Nh6 25. g4 Bd7 26. d5 Bb5 27. Rf4
Bd3 28. Rc1 Bxe4 29. Bxe4 Re7 30. g5 Ng8 31. Rh4 Rbe8 32. Rxh7+ Kf8 33. Bf3 Re3
34. Kg2 R8e5 35. Rxc7 Rxg5+ 36. Kf2 Re7 37. Rc8+ Re8 38. Rxe8+ Kxe8 39. Rh4 Ne7
40. Ra4 Nc8 41. h4 Rf5 42. d6 Nxd6 43. Rxa7 Nc4 44. Kg3 Nxb2 45. h5 Rf6 46.
Rxb7 Nd3 47. a4 Ra6 48. Rb5 Kf8 49. a5 Re6 50. Bb7 Re3+ 51. Kg4 Ne5+ 52. Kf4
Nc4 53. Bd5 Rd3 54. a6 Rd4+ 55. Kg5 Ne3 56. Rb8+ Kg7 57. h6+ Kh7 58. Bxf7 1-0

[Event "17th Tilburg Interpolis it"]
[Site "Tilburg NED"]
[Date "1993.??.??"]
[Round "5.2"]
[White "Vaganian, Rafael"]
[Black "Beliavsky, Alexander"]
[Result "1-0"]
[WhiteElo "2615"]
[BlackElo "2635"]
[EventDate "1993.11.13"]
[PlyCount "141"]

1. c4 Nf6 2. Nf3 e6 3. g3 d5 4. Bg2 Be7 5. O-O O-O 6. Qc2 c5 7. d4 cxd4 8. Nxd4
Nc6 9. Nxc6 bxc6 10. Rd1 Bc5 11. e3 Qe7 12. b3 Rd8 13. Nc3 Bb7 14. Bb2 e5 15.
Rac1 Bb4 16. Na4 Bd6 17. Bc3 h5 18. Qf5 Bc8 19. Qg5 Bg4 20. f3 Bd7 21. f4 Ng4
22. Qxe7 Bxe7 23. cxd5 cxd5 24. Bxd5 Rac8 25. Ba5 Bxa4 26. Bxd8 Rxd8 27. Rc7
Kf8 28. Bf3 Be8 29. Rxd8 Bxd8 30. Rxa7 Bb6 31. Ra8 Ke7 32. fxe5 Bxe3+ 33. Kg2
Nxe5 34. Bb7 Bd7 35. a4 Kd6 36. b4 Kc7 37. Bd5 Kd6 38. Be4 f5 39. Ra6+ Kc7 40.
Bd5 Nd3 41. Rg6 Nxb4 42. Be6 Bc6+ 43. Kf1 Bh6 44. Bb3 Nd3 45. a5 Nc5 46. Bf7
Ne4 47. Re6 h4 48. gxh4 f4 49. Be8 Bd5 50. Re7+ Kb8 51. Bf7 Bc6 52. Re6 Kc7 53.
Be8 Ba8 54. Re7+ Kd8 55. Ra7 Nd2+ 56. Kf2 Ne4+ 57. Ke1 Kxe8 58. Rxa8+ Kd7 59.
a6 Kc7 60. a7 Kb7 61. Re8 Kxa7 62. Rxe4 Kb6 63. Rc4 Kb5 64. Rc8 Kb4 65. Ke2 Kb5
66. Kf3 Kb4 67. h5 Kb5 68. h4 Kb4 69. Ke4 Kb5 70. Kd5 Kb4 71. Rc7 1-0

[Event "17th Tilburg Interpolis it"]
[Site "Tilburg NED"]
[Date "1993.??.??"]
[Round "5.3"]
[White "Beliavsky, Alexander"]
[Black "Vaganian, Rafael"]
[Result "1/2-1/2"]
[WhiteElo "2635"]
[BlackElo "2615"]
[EventDate "1993.11.13"]
[PlyCount "108"]

1. d4 Nf6 2. c4 e6 3. Nf3 b6 4. g3 Ba6 5. b3 Bb4+ 6. Bd2 Be7 7. Bg2 c6 8. Bc3
d5 9. Nbd2 Nbd7 10. O-O O-O 11. Re1 c5 12. e4 Nxe4 13. Nxe4 dxe4 14. Rxe4 Bb7
15. Re3 Bf6 16. b4 Rc8 17. dxc5 bxc5 18. b5 Nb6 19. Qe2 Bxc3 20. Rxc3 Qf6 21.
Rac1 Rfd8 22. Ne5 Rc7 23. Bxb7 Rxb7 24. Re3 h6 25. Rd1 Rd4 26. Red3 Rxd3 27.
Rxd3 Qf5 28. Kg2 f6 29. Nc6 e5 30. Rf3 Qg4 31. Na5 Rd7 32. h3 Qd4 33. Nb3 Qd6
34. Qe4 Na4 35. Re3 Qd1 36. h4 h5 37. Qc6 Qd6 38. Qe4 Nb6 39. Re2 Qd3 40. Nxc5
Qxe4+ 41. Rxe4 Rc7 42. Na6 Rxc4 43. Rxc4 Nxc4 44. a4 Kf7 45. Nb4 Na5 46. Kf3
Ke6 47. Ke4 f5+ 48. Kd3 Kd6 49. Kc3 Kc5 50. Nd3+ Kd5 51. Nb4+ Kd6 52. Nd3 Kd5
53. Nb4+ Kd6 54. Nd3 Kd5 1/2-1/2

[Event "17th Tilburg Interpolis it"]
[Site "Tilburg NED"]
[Date "1993.??.??"]
[Round "5.1"]
[White "Georgiev, Kiril"]
[Black "Ivanchuk, Vasyl"]
[Result "1/2-1/2"]
[WhiteElo "2660"]
[BlackElo "2705"]
[EventDate "1993.11.13"]
[PlyCount "48"]

1. d4 Nf6 2. c4 e6 3. Nf3 b6 4. g3 Ba6 5. Qa4 c5 6. Bg2 Bb7 7. dxc5 Bxc5 8. O-O
O-O 9. Nc3 Be7 10. Rd1 Na6 11. Be3 Qb8 12. Rac1 Nc5 13. Qc2 Nce4 14. Bf4 Qc8
15. Nxe4 Bxe4 16. Qa4 Qb7 17. Bf1 Rfe8 18. Ne1 a6 19. Bd6 b5 20. Qb4 Bxd6 21.
Rxd6 Rec8 22. c5 Qc7 23. Rdd1 a5 24. Qd4 b4 1/2-1/2

[Event "17th Tilburg Interpolis it"]
[Site "Tilburg NED"]
[Date "1993.??.??"]
[Round "5.2"]
[White "Ivanchuk, Vasyl"]
[Black "Georgiev, Kiril"]
[Result "1/2-1/2"]
[WhiteElo "2705"]
[BlackElo "2660"]
[EventDate "1993.11.13"]
[PlyCount "37"]

1. e4 c5 2. Nf3 d6 3. d4 cxd4 4. Nxd4 Nf6 5. Nc3 g6 6. Be3 Bg7 7. f3 Nc6 8. Qd2
O-O 9. O-O-O d5 10. Qe1 e6 11. Kb1 Qe7 12. Nb3 Rd8 13. Bc5 Qc7 14. Bb5 dxe4 15.
Rxd8+ Nxd8 16. Nxe4 Nxe4 17. Qxe4 Bd7 18. Bxd7 Qxd7 19. Bd4 1/2-1/2

[Event "17th Tilburg Interpolis it"]
[Site "Tilburg NED"]
[Date "1993.??.??"]
[Round "5.2"]
[White "Karpov, Anatoly"]
[Black "Jussupow, Artur"]
[Result "1-0"]
[WhiteElo "2760"]
[BlackElo "2630"]
[EventDate "1993.11.13"]
[PlyCount "113"]

1. d4 Nf6 2. c4 e6 3. Nf3 b6 4. g3 Bb7 5. Bg2 Be7 6. Nc3 Ne4 7. Bd2 Bf6 8. Qc2
Nxd2 9. Qxd2 d6 10. d5 O-O 11. Nd4 e5 12. Nc6 Qd7 13. Nxb8 Rfxb8 14. h4 a5 15.
a4 Rf8 16. e4 h5 17. O-O-O g6 18. Bh3 Qe7 19. Kc2 Kg7 20. f3 Rh8 21. Rh2 Ba6
22. Nb5 Raf8 23. Kb1 Qd8 24. Qd3 Be7 25. Re2 Bc8 26. Bxc8 Qxc8 27. Rg1 Bd8 28.
Na7 Qh3 29. Qc2 Re8 30. Nc6 Bf6 31. Rf2 Qd7 32. Qe2 Rhf8 33. Rh2 Rh8 34. Qf2
Ref8 35. Rf1 Kg8 36. f4 Qg4 37. Qf3 Re8 38. Qxg4 hxg4 39. f5 g5 40. h5 Ra8 41.
Kc2 Kg7 42. Kc3 Ra6 43. Ra1 Rha8 44. b4 Kf8 45. b5 R6a7 46. h6 Bh8 47. f6 Bxf6
48. Rf1 Bh8 49. Nxa7 Rxa7 50. Rh5 Ke7 51. Rxg5 Ra8 52. h7 f6 53. Rg8 Rf8 54. c5
dxc5 55. Kc4 Kf7 56. d6 cxd6 57. Rxf8+ 1-0

[Event "17th Tilburg Interpolis it"]
[Site "Tilburg NED"]
[Date "1993.??.??"]
[Round "6.1"]
[White "Beliavsky, Alexander"]
[Black "Karpov, Anatoly"]
[Result "0-1"]
[WhiteElo "2635"]
[BlackElo "2760"]
[EventDate "1993.11.13"]
[PlyCount "122"]

1. e4 c6 2. d4 d5 3. Nc3 dxe4 4. Nxe4 Nd7 5. Bc4 Ngf6 6. Ng5 e6 7. Qe2 Nb6 8.
Bb3 h6 9. N5f3 a5 10. a4 c5 11. dxc5 Nbd7 12. Ne5 Nxe5 13. Qxe5 Nd7 14. Qe2
Bxc5 15. Nf3 b6 16. O-O O-O 17. c3 Qc7 18. Be3 Ba6 19. Bc4 Bxe3 20. Bxa6 Bc5
21. Bd3 Rad8 22. Rad1 Nf6 23. Nd2 Qf4 24. Bc2 Rd5 25. g3 Qe5 26. Qxe5 Rxe5 27.
Rfe1 Rxe1+ 28. Rxe1 Rc8 29. Ne4 Nxe4 30. Rxe4 Kf8 31. Kf1 Ke7 32. Re1 Bd6 33.
Rd1 Rc5 34. Bd3 g5 35. Bb5 h5 36. Kg2 Rf5 37. Bd3 Re5 38. Kf1 g4 39. Re1 Rd5
40. Bc4 Rg5 41. Kg2 h4 42. gxh4 Rh5 43. Re4 Rxh4 44. Kf1 e5 45. Bd5 f5 46. Rc4
Rxh2 47. b4 e4 48. Rc6 g3 49. fxg3 e3 50. Bc4 Rf2+ 51. Ke1 axb4 52. cxb4 Bxb4+
53. Kd1 Rd2+ 54. Kc1 Kd7 55. Rxb6 Ba3+ 56. Kb1 e2 57. Bxe2 Rxe2 58. a5 Bd6 59.
a6 Re5 60. Kc2 Ra5 61. Rb7+ Ke6 0-1

[Event "17th Tilburg Interpolis it"]
[Site "Tilburg NED"]
[Date "1993.??.??"]
[Round "6.1"]
[White "Ivanchuk, Vasyl"]
[Black "Sirovs, Aleksejs"]
[Result "1/2-1/2"]
[WhiteElo "2705"]
[BlackElo "2685"]
[EventDate "1993.11.13"]
[PlyCount "80"]

1. d4 Nf6 2. c4 g6 3. Nc3 Bg7 4. e4 d6 5. Nf3 O-O 6. Be2 e5 7. O-O Nc6 8. d5
Ne7 9. Nd2 c6 10. dxc6 bxc6 11. b4 d5 12. a4 Nh5 13. exd5 cxd5 14. cxd5 Bb7 15.
d6 Qxd6 16. Nde4 Qxd1 17. Rxd1 Nf5 18. Nc5 e4 19. Ra3 Rac8 20. g4 a5 21. Nxb7
axb4 22. Rb3 Nd4 23. Rxb4 Rxc3 24. Rbxd4 Bxd4 25. gxh5 Rc2 26. Kf1 Ra8 27. a5
Be5 28. a6 f5 29. Be3 Rxe2 30. Kxe2 Rxa6 31. Rd8+ Kf7 32. Rd7+ Kf6 33. Rxh7
Ra2+ 34. Bd2 gxh5 35. Nc5 Bxh2 36. Rxh5 Bg1 37. Nb3 f4 38. Kd1 Bxf2 39. Bxf4 e3
40. Bxe3 Bxe3 1/2-1/2

[Event "17th Tilburg Interpolis it"]
[Site "Tilburg NED"]
[Date "1993.??.??"]
[Round "6.2"]
[White "Sirovs, Aleksejs"]
[Black "Ivanchuk, Vasyl"]
[Result "1/2-1/2"]
[WhiteElo "2685"]
[BlackElo "2705"]
[EventDate "1993.11.13"]
[PlyCount "176"]

1. e4 e6 2. d4 d5 3. Nc3 Nf6 4. e5 Nfd7 5. Nce2 c5 6. c3 cxd4 7. cxd4 f6 8. f4
fxe5 9. dxe5 Nc6 10. Nf3 Bb4+ 11. Nc3 Nc5 12. Be3 Qa5 13. Qc2 O-O 14. Rc1 d4
15. Nxd4 Nxd4 16. Bxd4 Rxf4 17. Rd1 Qc7 18. Be2 Bd7 19. Rf1 Ba4 20. b3 Nxb3 21.
Rxf4 Nxd4 22. Qxa4 b5 23. Qxb4 Nc2+ 24. Kd2 Nxb4 25. Rxb4 a6 26. Rd4 Qxe5 27.
Ke1 Qxh2 28. Bf3 Rf8 29. Ne4 h6 30. Nf2 Qc7 31. Rd6 Qc3+ 32. Kf1 Qc4+ 33. Kg1
Qxa2 34. Re1 Qa3 35. Rexe6 Rxf3 36. gxf3 Qxf3 37. Rxa6 Kh7 38. Rab6 Qd5 39. Ne4
Qd4+ 40. Kg2 b4 41. Rb7 Qb2+ 42. Nf2 Qd2 43. Rb5 b3 44. Reb6 b2 45. Rxb2 Qg5+
46. Kf1 Qc1+ 47. Ke2 Qc4+ 48. Kf3 Qd5+ 49. Ne4 Qf5+ 50. Ke3 Qh3+ 51. Kd4 Qd7+
52. Nd6 Qe6 53. R2b5 Qe2 54. Nf5 Qd2+ 55. Ke5 Qc3+ 56. Kd6 Qd3+ 57. Ke7 Qa3+
58. Nd6 Qe3+ 59. Kd8 Qd3 60. Rc6 Qd4 61. Rb7 Qd5 62. Rbc7 Kg8 63. Kc8 Qe5 64.
Kd7 Kh7 65. Ne8 Qa1 66. Kd8 Qa8+ 67. Ke7 Qa3+ 68. Kf7 Qf3+ 69. Rf6 Qg3 70. Rd6
Qf3+ 71. Ke7 Kg8 72. Ra6 Qe2+ 73. Re6 Qf3 74. Nd6 Kh7 75. Nf7 Qa3+ 76. Rd6 Qa8
77. Rcd7 Qe4+ 78. Kf8 Qf4 79. Re7 Qf3 80. Rdd7 Qf4 81. Ke8 Kg8 82. Re6 Qb8+ 83.
Rd8 Qb4 84. Ne5 Kh7 85. Ng6 Qb5+ 86. Ke7 Qg5+ 87. Kd7 Qb5+ 88. Kc7 Qa5+ 1/2-1/2

[Event "17th Tilburg Interpolis it"]
[Site "Tilburg NED"]
[Date "1993.??.??"]
[Round "6.3"]
[White "Ivanchuk, Vasyl"]
[Black "Sirovs, Aleksejs"]
[Result "1-0"]
[WhiteElo "2705"]
[BlackElo "2685"]
[EventDate "1993.11.13"]
[PlyCount "77"]

1. d4 d5 2. c4 c6 3. Nf3 Nf6 4. Nc3 a6 5. a4 e6 6. g3 Nbd7 7. Bg2 Bb4 8. O-O
O-O 9. Bf4 dxc4 10. Qc2 c5 11. Na2 a5 12. Nxb4 cxb4 13. Qxc4 b6 14. Rfc1 Ba6
15. Qc2 Rc8 16. Qd1 Bb7 17. Rxc8 Qxc8 18. Rc1 Qa8 19. Ne1 Bxg2 20. Nxg2 Rc8 21.
f3 h6 22. e4 Rxc1 23. Qxc1 Qa6 24. Qc2 b3 25. Qxb3 Qe2 26. h4 Nh5 27. Bd6 e5
28. dxe5 Nxg3 29. e6 Qf1+ 30. Kh2 Ne2 31. exf7+ Kh7 32. Qe3 Qd1 33. f8=N+ Nxf8
34. Bxf8 Nd4 35. Kg3 Qxa4 36. Bd6 Qd1 37. Be5 Ne2+ 38. Kh2 Qf1 39. Qxb6 1-0

[Event "17th Tilburg Interpolis it"]
[Site "Tilburg NED"]
[Date "1993.??.??"]
[Round "6.4"]
[White "Sirovs, Aleksejs"]
[Black "Ivanchuk, Vasyl"]
[Result "1/2-1/2"]
[WhiteElo "2685"]
[BlackElo "2705"]
[EventDate "1993.11.13"]
[PlyCount "136"]

1. e4 e6 2. d4 d5 3. Nc3 Nf6 4. e5 Nfd7 5. Nce2 c5 6. c3 Nc6 7. Nf3 cxd4 8.
cxd4 f6 9. Nf4 Bb4+ 10. Bd2 Qe7 11. Bxb4 Qxb4+ 12. Qd2 Ke7 13. exf6+ gxf6 14.
Qxb4+ Nxb4 15. Kd2 Nb6 16. a3 Nc6 17. Bb5 Bd7 18. Bxc6 Bxc6 19. Rhe1 Bd7 20. b3
Kd6 21. Re3 Rae8 22. Rae1 Re7 23. g4 Rg8 24. h3 a5 25. a4 Nc8 26. Nh5 Rf7 27.
Nh4 Ne7 28. f4 Nc6 29. Nf3 h6 30. Ng3 Re7 31. Ne2 Rgg7 32. Nc3 Nb4 33. Rg1 Be8
34. h4 Rg8 35. g5 hxg5 36. hxg5 fxg5 37. fxg5 Nc6 38. Nb5+ Kd7 39. Ne5+ Nxe5
40. dxe5 Rh7 41. Rc3 Rh2+ 42. Kc1 Rh5 43. Rcg3 Bg6 44. Kb2 Rc8 45. R3g2 Rh4 46.
Rf2 d4 47. Nd6 Rc3 48. Nxb7 Kc6 49. Nxa5+ Kd5 50. Rf6 Bc2 51. g6 Rh2 52. Ka3
Bxb3 53. Nxb3 Rhh3 54. Rb1 Kc4 55. Rxe6 Rxb3+ 56. Rxb3 Rxb3+ 57. Ka2 Rg3 58. a5
Rg2+ 59. Kb1 d3 60. Kc1 Kd4 61. a6 Ke3 62. a7 Ra2 63. Rd6 Rxa7 64. e6 Rc7+ 65.
Kb2 d2 66. Rd5 Ke2 67. Re5+ Kf2 68. Rd5 Ke2 1/2-1/2

[Event "17th Tilburg Interpolis it"]
[Site "Tilburg NED"]
[Date "1993.??.??"]
[Round "7.1"]
[White "Ivanchuk, Vasyl"]
[Black "Karpov, Anatoly"]
[Result "1/2-1/2"]
[WhiteElo "2705"]
[BlackElo "2760"]
[EventDate "1993.11.13"]
[PlyCount "139"]

1. e4 c6 2. d4 d5 3. Nc3 dxe4 4. Nxe4 Nd7 5. Bc4 Ngf6 6. Ng5 e6 7. Qe2 Nb6 8.
Bb3 h6 9. N5f3 a5 10. a3 a4 11. Ba2 c5 12. Bf4 Nbd5 13. Be5 Qa5+ 14. Nd2 b5 15.
Ngf3 b4 16. Bc4 Ba6 17. O-O bxa3 18. Rxa3 cxd4 19. Raa1 Be7 20. Nxd4 O-O 21.
Nc6 Bxc4 22. Nxc4 Qb5 23. Nxe7+ Nxe7 24. Bd6 Rfe8 25. Rfe1 Nf5 26. Be5 Rec8 27.
Na3 Qxe2 28. Rxe2 Nd7 29. Bc3 Nb6 30. f3 Nd5 31. Be1 Rab8 32. c3 Rb3 33. Ra2
Nfe3 34. Bf2 Nc4 35. Nxc4 Rxc4 36. g3 a3 37. Rxa3 Rxa3 38. bxa3 Rxc3 39. Ra2
Rxf3 40. a4 Nb4 41. Ra1 Na6 42. a5 Kf8 43. Kg2 Rf5 44. g4 Rg5 45. Kf3 h5 46. h3
Rb5 47. Ra3 Ke7 48. Be3 f6 49. Kg3 hxg4 50. hxg4 e5 51. Kf3 g6 52. Kg3 Ke6 53.
Kf3 f5 54. Rc3 Kd5 55. Rd3+ Ke6 56. Rc3 Kd5 57. Rd3+ Kc6 58. Rc3+ Kb7 59. Bb6
Rb4 60. gxf5 gxf5 61. Bd8 Rd4 62. Rb3+ Kc8 63. Bf6 Rd5 64. Rb6 Nc7 65. a6 Kd7
66. a7 e4+ 67. Kf4 Ra5 68. a8=Q Nxa8 69. Rb7+ Ke6 70. Bd8 1/2-1/2

[Event "17th Tilburg Interpolis it"]
[Site "Tilburg NED"]
[Date "1993.??.??"]
[Round "7.2"]
[White "Karpov, Anatoly"]
[Black "Ivanchuk, Vasyl"]
[Result "1/2-1/2"]
[WhiteElo "2760"]
[BlackElo "2705"]
[EventDate "1993.11.13"]
[PlyCount "94"]

1. d4 d5 2. c4 e6 3. Nc3 c6 4. e3 f5 5. f4 Nf6 6. Nf3 Be7 7. Be2 O-O 8. O-O b6
9. Qc2 Bb7 10. cxd5 cxd5 11. Bd2 Nc6 12. a3 Ne4 13. Rfc1 Rc8 14. Qd1 Qd7 15.
Be1 Rc7 16. Rc2 Nxc3 17. Rxc3 Rfc8 18. Rac1 Bd6 19. Qa4 Nb8 20. Qxd7 Nxd7 21.
Rxc7 Rxc7 22. Rxc7 Bxc7 23. Ng5 Nf8 24. Bb5 h6 25. Nf3 Ng6 26. h3 Kf7 27. Bb4
Ne7 28. Ne5+ Bxe5 29. dxe5 Nc6 30. Bc3 Nb8 31. Bd3 Bc6 32. b3 Nd7 33. Bd4 Nc5
34. Bxc5 bxc5 35. Ba6 h5 36. g3 g6 37. Kf2 Ke7 38. Ke1 Kd8 39. a4 Kc7 40. a5
Bb7 41. Be2 Bc6 42. Kd2 Be8 43. Kc3 Bd7 44. Ba6 Bc6 45. b4 cxb4+ 46. Kxb4 Be8
47. Kc5 Ba4 1/2-1/2

[Event "17th Tilburg Interpolis it"]
[Site "Tilburg NED"]
[Date "1993.??.??"]
[Round "7.3"]
[White "Ivanchuk, Vasyl"]
[Black "Karpov, Anatoly"]
[Result "0-1"]
[WhiteElo "2705"]
[BlackElo "2760"]
[EventDate "1993.11.13"]
[PlyCount "104"]

1. e4 c6 2. d4 d5 3. e5 Bf5 4. h4 h5 5. c4 e6 6. Nc3 Nd7 7. cxd5 cxd5 8. Bd3
Bxd3 9. Qxd3 Ne7 10. Bg5 f6 11. exf6 gxf6 12. Bd2 Kf7 13. Nge2 Ng6 14. g3 Bd6
15. Nb5 Bb8 16. Bb4 a6 17. Nd6+ Bxd6 18. Bxd6 Qb6 19. Ba3 Qa5+ 20. Qd2 Qxd2+
21. Kxd2 Rac8 22. Rhc1 e5 23. b3 Ke6 24. dxe5 fxe5 25. Rxc8 Rxc8 26. Rc1 Rxc1
27. Bxc1 d4 28. f3 Kd5 29. Ba3 a5 30. Kd3 b5 31. b4 a4 32. Bc1 Nf6 33. Bg5 e4+
34. fxe4+ Nxe4 35. Nxd4 Ne5+ 36. Ke3 Ng4+ 37. Kd3 Ngf2+ 38. Ke3 Nd1+ 39. Ke2
Kxd4 40. Kxd1 Nc3+ 41. Kc2 Nxa2 42. Bd2 Kc4 43. g4 hxg4 44. Kb2 Nxb4 45. h5
Nd3+ 46. Ka2 g3 47. h6 Ne5 48. Bf4 g2 49. Bxe5 g1=Q 50. h7 b4 51. h8=Q b3+ 52.
Ka3 Qc5+ 0-1